00357nam a2200133 a 4500008004100000050001500041100001900056245002100075246002800096260002900124350000900153650002900162650003200191120416s1996 ||||||||||||||||| || u aJS 145 Urb aDavey, Kenneth10aUrban management athe challenge of growth aAldershotbAveburyc1996 a0.00 aURBAN GROWTH--MANAGEMENT aURBANIZATION--ASIA, WESTERN